000 00461nam a2200157 i 4500
001 29483
003 ES-MaACL
005 20230906154036.0
007 t|
008 030122s1960 sp ||||1| spa d
100 1 _aBarceló, José Luis.
_925505
245 1 0 _aHombres, guerras, hambres /
_cJosé Luis Barceló.
260 _a[S.l. :
_bs.n.,
_c1960] (
_eValladolid :
_fGráf. Ceres)
300 _a58 p. :
_bil. ;
_c12 cm.
852 _aES-MaACL
_j2024-F-5
_bR.46331
999 _c29483
_d29483